National plan of action for women in Sri Lanka: (Record no. 2578)

MARC details
000 -LEADER
fixed length control field 004530000a22001450004500
005 - DATE AND TIME OF LATEST TRANSACTION
control field 20240605100600.0
008 - FIXED-LENGTH DATA ELEMENTS--GENERAL INFORMATION
fixed length control field 230817t ||||| |||| 00| 0 eng d
082 ## - DEWEY DECIMAL CLASSIFICATION NUMBER
Classification number 305.42
Item number NAT
942 ## - ADDED ENTRY ELEMENTS (KOHA)
Item Type Books
245 ## - TITLE STATEMENT
Title National plan of action for women in Sri Lanka:
Sub Title towards gender equality
260 ## - PUBLICATION, DISTRIBUTION, ETC. (IMPRINT)
Place of Publication Colombo:
Name of Publisher Ministry of Transport, Environment & Women's Affairs
Date of Copyright [n.d.]
300 ## - PHYSICAL DESCRIPTION
Extent 88 p.
650 ## - SUBJECT ADDED ENTRY--TOPICAL TERM
Topical Term WIOMEN-National policies
650 ## - SUBJECT ADDED ENTRY--TOPICAL TERM
Topical Term WOMEN-Sri Lanka
Holdings
Withdrawn status Lost status Damaged status Not for loan Permanent location Current location Date acquired Total Checkouts Full call number Barcode Date last seen Price effective from Koha item type
        Resource center, Muslim Women's Research And Action Forum Resource center, Muslim Women's Research And Action Forum 2023-08-17   305.42 NAT RAF3655 2023-08-17 2023-08-17 Reports

Copyright © 2023 Muslim Women's Research and Action Forum (MWRAF), No 27/3, Anderson Road, Kalubowila, Dehiwela. Funded by The Asia Fundation